Indus To Independence Series Moern India/ (Record no. 185221)

MARC details
000 -LEADER
fixed length control field 00551nam a22001817a 4500
005 - DATE AND TIME OF LATEST TRANSACTION
control field 20220201112152.0
010 ## - LCCN (DPL NO)
LC control number ENG-131338
020 ## - INTERNATIONAL STANDARD BOOK NUMBER
International Standard Book Number 9788194918394
Terms of availability 425.00
035 ## - SYSTEM CONTROL NUMBER
System control number EN-114870
037 ## - SOURCE OF ACQUISITION
Source of stock number/acquisition DBAD
082 ## - DEWEY DECIMAL CLASSIFICATION NUMBER
Classification number 954.09
100 ## - MAIN ENTRY--PERSONAL NAME
Personal name Jha, Sanjay Nath
245 ## - TITLE STATEMENT
Title Indus To Independence Series Moern India/
Statement of responsibility, etc Sanjay Nath Jha
260 ## - PUBLICATION, DISTRIBUTION, ETC. (IMPRINT)
Place of publication, distribution, etc New Delhi
Name of publisher, distributor, etc Integrity Education Pvt. Ltd.
Date of publication, distribution, etc 2021
270 ## - ADDRESS
City New Delhi
Address 4598/15-B, 1st Floor, Daryaganj
Postal code 110002
300 ## - PHYSICAL DESCRIPTION
Extent 322 p.
Dimensions 24cm(pbk)
942 ## - ADDED ENTRY ELEMENTS (KOHA)
Source of classification or shelving scheme Dewey Decimal Classification
Item type English Books
Classification part 954.09
Call number suffix JHA
Holdings
Withdrawn status Lost status Not for loan Collection code Home library Current library Date acquired Source of acquisition Cost, normal purchase price Full call number Barcode Copy number Cost, replacement price Koha item type
      Non-fiction Sarojini Nagar Sarojini Nagar 01/02/2022 DBAD/PUB 425.00 954.09 JHA EN-114870 1 425.00 English Books

© Delhi Public Library
Hit Counter
free hit counter